A Critical Study Of Water Deficiencies and Its Management in Bodwad City/ (Record no. 187857)

MARC details
000 -LEADER
fixed length control field 00650nam a22001937a 4500
005 - DATE AND TIME OF LATEST TRANSACTION
control field 20220502131634.0
010 ## - LCCN (DPL NO)
LC control number ENG-132493
020 ## - INTERNATIONAL STANDARD BOOK NUMBER
International Standard Book Number 9789380288816
Terms of availability 200.00
035 ## - SYSTEM CONTROL NUMBER
System control number EN-116025
037 ## - SOURCE OF ACQUISITION
Source of stock number/acquisition DBAD/PUB
082 ## - DEWEY DECIMAL CLASSIFICATION NUMBER
Classification number 628.13
100 ## - MAIN ENTRY--PERSONAL NAME
Personal name Chaudhary, Arvind
245 ## - TITLE STATEMENT
Title A Critical Study Of Water Deficiencies and Its Management in Bodwad City/
Statement of responsibility, etc Arvind Chaudhary and Kanchan Damade
260 ## - PUBLICATION, DISTRIBUTION, ETC. (IMPRINT)
Place of publication, distribution, etc Dhule
Name of publisher, distributor, etc Mr. Yuvraj Mali
Date of publication, distribution, etc 2020
270 ## - ADDRESS
Address 17, Devidas Colony, Varkhedi Road
City Dhule
Postal code 424001
Electronic mail address atharvapublications@gmail.com
300 ## - PHYSICAL DESCRIPTION
Extent 120p.
Dimensions 21cm(pbk)
700 ## - ADDED ENTRY--PERSONAL NAME
Personal name Damade, Kanchan
942 ## - ADDED ENTRY ELEMENTS (KOHA)
Source of classification or shelving scheme Dewey Decimal Classification
Item type English Books
Classification part 628.13
Call number suffix CHA
Holdings
Withdrawn status Lost status Not for loan Collection code Home library Current library Date acquired Source of acquisition Cost, normal purchase price Full call number Barcode Copy number Cost, replacement price Koha item type
      Non-fiction Patel Nagar Patel Nagar 02/05/2022 DBAD/PUB 200.00 628.13 CHA EN-116025 1 200.00 English Books

© Delhi Public Library
Hit Counter
free hit counter